Central Library OPAC University of Rajshahi
Normal view MARC view

Entry Topical Term

Number of records used in: 3

001 - CONTROL NUMBER

  • control field: 7620

003 - CONTROL NUMBER IDENTIFIER

  • control field: BD-RjUL

005 - DATE AND TIME OF LATEST TRANSACTION

  • control field: 20230523113744.0

008 - FIXED-LENGTH DATA ELEMENTS

  • fixed length control field: 230523|| aca||aabn | a|a d

040 ## - CATALOGING SOURCE

  • Original cataloging agency: BD-RjUL
  • Transcribing agency: BD-RjUL

150 ## - HEADING--TOPICAL TERM

  • Topical term or geographic name entry element: Geology
  • General subdivision: Data processing

670 ## - SOURCE DATA FOUND

  • Source citation: Work cat.: (BD-RjUL)81441: Davis, John C. 7619, Statistics and data analysis in geology /, c2002.